Quản trị học = Management

Uloženo v:
Podrobná bibliografie
Hlavní autor: Trường Đại học Kinh Tế Tp. HCM.
Médium: Kniha
Jazyk:Undetermined
Vydáno: Thành phố Hồ Chí Minh Trường Đại học Kinh Tế 1993
Témata:
Tagy: Přidat tag
Žádné tagy, Buďte první, kdo otaguje tento záznam!
Thư viện lưu trữ: Trung tâm Học liệu Trường Đại học Cần Thơ
LEADER 00558nam a2200181Ia 4500
001 CTU_11288
008 210402s9999 xx 000 0 und d
082 |a 658.007 
082 |b Tr561 
100 |a Trường Đại học Kinh Tế Tp. HCM. 
245 0 |a Quản trị học = 
245 0 |b Management 
245 0 |c Nguyễn Thị Liên Diệp 
260 |a Thành phố Hồ Chí Minh 
260 |b Trường Đại học Kinh Tế 
260 |c 1993 
650 |a Management 
980 |a Trung tâm Học liệu Trường Đại học Cần Thơ